00488 2200193 4500001002100000005001500021035002000036007000300056008004100059020000800100082001000108084001600118100001700134245003200151250002000183260003200203300004300235650001600278INLIS00000000113902220220121101644 a0010-0122004177ta220121 0 ind  a... aF 813 aF 813 KUS l0 aKusunaki Kei1 aLove Burial /cKusunaki Kei aCetakan Pertama aJakarta :bKING Komik,c... a176 halaman :bilustrasi ;c17 x 11 cm 4aFiksi Komik